logo

MI QUERIDA HIJA HILDEGART (Record no. 65945)

MARC details
000 -CABECERA
campo de control de longitud fija 00429nam a2200181Ia 4500
001 - NÚMERO DE CONTROL
campo de control 30613
005 - FECHA Y HORA DE LA ÚLTIMA TRANSACCIÓN
campo de control 20260407100221.0
008 - CÓDIGOS DE INFORMACIÓN DE LONGITUD FIJA
campo de control de longitud fija 260115s9999 xx 000 0 und d
010 ## - NÚMERO DE CONTROL DE LA BIBLIOTECA DEL CONGRESO
Número de control de LC 65945
035 ## - NÚMERO DE CONTROL DEL SISTEMA
Número de control de sistema 20607
090 ## - LOCALMENTE ASIGNADO TIPO-LC NÚMERO DE CLASIFICACIÓN (OCLC); NÚMERO DE CLASIFICACIÓN LOCAL (RLIN)
Número de clasificación (OCLC) (R) ; Numero de clasificación CALL (RLIN) (NR) 929.53
100 ## - PUNTO DE ACCESO PRINCIPAL - NOMBRE DE PERSONA
Nombre de persona DOMINGO SORIANO, CARMEN
245 #0 - MENCIÓN DE TÍTULO
Título MI QUERIDA HIJA HILDEGART
260 ## - PUBLICACIÓN, DISTRIBUCIÓN, ETC. (PIE DE IMPRENTA)
Nombre del editor distribuidor etc. DESTINO S.A.
Fecha de publicación distribución etc. 2008
630 ## - PUNTO DE ACCESO ADICIONAL DE MATERIA--TÍTULO UNIFORME
Título uniforme LITERATURA ESPAÑOLA
650 ## - PUNTO DE ACCESO ADICIONAL DE MATERIA--TÉRMINO DE MATERIA
Término de materia o nombre geográfico como elemento inicial NOVELA BIOGRAFICA
942 ## - ELEMENTOS DE PUNTO DE ACCESO ADICIONAL (KOHA)
Tipo de ítem Koha Monografías
Holdings
Estado de retiro Estado de pérdida Estado dañado No para préstamo Código de colección Localización permanente Ubicación/localización actual Ubicación en estantería Fecha de adquisición Enumeración/cronología de publicación seriada Número de inventario Número de registro Total de préstamos Signatura topográfica completa Código de barras Fecha visto por última vez Número de copia Precio válido a partir de Tipo de ítem Koha Nota pública
          Servicio de Estudios Históricos Servicio de Estudios Históricos   26/01/2009 929.53 27455 27455   20607 FH_30613 05/02/2026 1 05/02/2026 Monografías 23 X 15 CMS. 288 PAGINAS, MADRID 2008; 19,23 € ; 84-233-4028-6.